Places To Study
There are group study rooms, individual study carrels, computer labs, and other spaces to study in the Libraries.
Reserve A Group Room| 000 -LEADER | |
|---|---|
| fixed length control field | 00751nam a22001697a 4500 |
| 003 - CONTROL NUMBER IDENTIFIER | |
| control field | OSt |
| 005 - DATE AND TIME OF LATEST TRANSACTION | |
| control field | 20251216090606.0 |
| 008 - FIXED-LENGTH DATA ELEMENTS--GENERAL INFORMATION | |
| fixed length control field | 251216b |||||||| |||| 00| 0 eng d |
| 040 ## - CATALOGING SOURCE | |
| Transcribing agency | DCL |
| 082 ## - DEWEY DECIMAL CLASSIFICATION NUMBER | |
| Classification number | ၂၉၄.၃၈၂၄ |
| 100 0# - MAIN ENTRY--PERSONAL NAME | |
| Personal name | သံဝရာလင်္ကာရ၊ |
| Titles and words associated with a name | အရှင် |
| 245 10 - TITLE STATEMENT | |
| Title | မြတ်ဗုဒ္ဓ၏ အဘိဓမ္မာ (စိတ်၊ စေတသိက် ) / |
| Statement of responsibility, etc. | အရှင်သံဝရာလင်္ကာရ။ |
| 260 ## - PUBLICATION, DISTRIBUTION, ETC. | |
| Place of publication, distribution, etc. | ရန်ကုန် ၊ |
| Name of publisher, distributor, etc. | ဆုရောင်စဉ်စာပေ၊ |
| Date of publication, distribution, etc. | ၂၀၂၃။ |
| 300 ## - PHYSICAL DESCRIPTION | |
| Extent | ၃၇၃ စာမျက်နှာ ၊ |
| Dimensions | ၂၃ စင်တီ။ |
| 650 ## - SUBJECT ADDED ENTRY--TOPICAL TERM | |
| Topical term or geographic name entry element | အဘိဓမ္မာ။ |
| 942 ## - ADDED ENTRY ELEMENTS (KOHA) | |
| Source of classification or shelving scheme | Dewey Decimal Classification |
| Koha item type | Short Term |
| Suppress in OPAC | No |
| Withdrawn status | Lost status | Source of classification or shelving scheme | Damaged status | Not for loan | Collection | Accession No. | Home library | Current library | Shelving location | Date acquired | Total checkouts | Full call number | Barcode | Date last seen | Price effective from | Koha item type |
|---|---|---|---|---|---|---|---|---|---|---|---|---|---|---|---|---|
| Dewey Decimal Classification | Myanmar Collection | ၃၄၇၉ | Dhammadhara | Dhammadhara | Myanmar Shelves | 16/12/2025 | ၂၉၄.၃၈၂၄ သံ ၃၄၇၉ | MB00003479 | 16/12/2025 | 16/12/2025 | Short Term |